|
|
|
|
| LEADER |
00000nab a2200000uu 4500 |
| 001 |
vtls010896753 |
| 003 |
SK-MaSNL |
| 005 |
20260303142218.0 |
| 008 |
230222|1963 xo |||||||||||||||||slo| |
| 015 |
|
|
|a SNBRB
|
| 035 |
|
|
|a (urnnbn)urn:nbn:sk:snk:ar-006m5x
|
| 035 |
|
|
|a (uuid)7f70cea1-45fe-4636-8e23-fd8dcb6f746a
|
| 035 |
|
|
|a urn:nbn:sk:snk-ab8pc2
|
| 040 |
|
|
|a SNKBUCL
|b slo
|c SNKBUCL
|e AACR2
|
| 041 |
0 |
|
|a slo
|
| 044 |
|
|
|a xo
|c SK
|
| 100 |
1 |
|
|a Nikodým, Dušan,
|d 1929-
|4 aut
|9 13325
|
| 245 |
1 |
0 |
|a KOMISIE ĽUDOVEJ KONTROLY □ VÝZNAMNÁ FORMA ÚČASTI PRACUJÚCICH NA RIADENÍ
|c Dušan Nikodým, Ján Marček
|
| 700 |
1 |
|
|a Marček, Ján
|4 aut
|9 280192
|
| 773 |
0 |
|
|t Právnické štúdie
|g Roč. 11, č. 2 (1963), s. 177-217
|
| 954 |
|
|
|a odborná, vedecká literatúra pôvodná (slovenská)
|2 lita
|
| 958 |
|
|
|a OND
|
| 958 |
|
|
|a EUIPO
|
| 958 |
|
|
|a article10
|
| 999 |
|
|
|c 1981421
|d 1983351
|